Tratado elemental de mecánica aplicada / (Record no. 107260)

MARC details
000 -LEADER
campo de control de longitud fija 00769nam a2200193 4500
001 - NÚMERO DE CONTROL
campo de control 107260
003 - IDENTIFICADOR DE NÚMERO DE CONTROL
campo de control ES-MaACL
005 - FECHA Y HORA DE LA ÚLTIMA TRANSACCIÓN
campo de control 20230906184357.0
007 - CAMPO FIJO DE DESCRIPCIÓN FÍSICA--INFORMACIÓN GENERAL
campo de control de longitud fija t|
008 - DATOS DE LONGITUD FIJA--INFORMACIÓN GENERAL
campo de control de longitud fija 061121s1943 sp r ||||1| spa d
100 1# - ENTRADA PRINCIPAL--NOMBRE DE PERSONA
Nombre de persona Morley, Arthur.
9 (RLIN) 83601
245 10 - MENCIÓN DEL TÍTULO
Título Tratado elemental de mecánica aplicada /
Mención de responsabilidad, etc. por Arthur Morley, William Inchley; versión española reducida al sistema métrico decimal ; bajo la dirección de José Serrat y Bonastre ; traducción de la tercera edición inglesa por Ernesto Díaz-Varela.
260 ## - PUBLICACIÓN, DISTRIBUCIÓN, ETC.
Lugar de publicación, distribución, etc. Barcelona :
Nombre del editor, distribuidor, etc. Labor,
Fecha de publicación, distribución, etc. 1943.
300 ## - DESCRIPCIÓN FÍSICA
Extensión XVI, 427 p. ;
Dimensiones 22 cm.
700 1# - ENTRADA AGREGADA--NOMBRE PERSONAL
Nombre de persona Inchley, William.
9 (RLIN) 65238
700 1# - ENTRADA AGREGADA--NOMBRE PERSONAL
Nombre de persona Serrat y Bonastre, José.
9 (RLIN) 105817
700 1# - ENTRADA AGREGADA--NOMBRE PERSONAL
Nombre de persona Díaz Varela, Ernesto.
9 (RLIN) 44448
852 ## - LOCALIZACIÓN
Ubicación ES-MaACL
Número de control de estantería F-16154
Sublocalización o colección R.20957
Holdings
Estatus retirado Estado de pérdida Estado de daño No para préstamo Biblioteca de origen Biblioteca actual Ubicación en estantería Fecha de adquisición Fuente de adquisición Total de préstamos Signatura topográfica completa Código de barras Visto por última vez Precio de reemplazo Tipo de ítem Koha
        Biblioteca del Ateneo de Madrid Biblioteca del Ateneo de Madrid Sala Pecera Planta 2 17/01/2008     F-16154 1111949 23/02/2023 23/02/2023 Libro impreso